| 000 | 00655nam a22001937a 4500 | ||
|---|---|---|---|
| 003 | SISC | ||
| 005 | 20170712150408.0 | ||
| 008 | 170711b xxu||||| |||| 00| 0 eng d | ||
| 020 | _a9789814738583 | ||
| 050 |
_aHF 3657.4 _bP719 2015 |
||
| 100 | _aPlatt, Hilton. | ||
| 245 |
_aManagerial accounting : _bcreating value in a dynamic business environment / _cHilton Platt. |
||
| 260 |
_a[Manila?] : _bMcGraw-Hill Education, _c2015. |
||
| 300 |
_axxxvi, 809 pages : _billustrations ; _c26 cm. |
||
| 500 | _aIncludes appendices, bibliographic references, glossary, and index. | ||
| 650 | _aAccounting. | ||
| 650 | _aManagerial accounting. | ||
| 942 |
_2lcc _cBK |
||
| 999 |
_c340261 _d340261 |
||